Central Library OPAC University of Rajshahi

فجر الاندلس : دراسة في تاريخ الاندلس من الفتح الاسلامي الى قيام الدولة الاموية (٧١١ - ٧٥٦م) ;; fajr aliandilas : dirasat fi tarikh alandls min alfath alaslamii alaa qiam aldawlat alamawia (711 - 756m)/ (Record no. 78655)

MARC details
000 -LEADER
fixed length control field 00961nam a2200205 a 4500
001 - CONTROL NUMBER
control field 78655
003 - CONTROL NUMBER IDENTIFIER
rucl marc code BD-RjUL
005 - DATE AND TIME OF LATEST TRANSACTION
control field 20211209083146.0
008 - FIXED-LENGTH DATA ELEMENTS--GENERAL INFORMATION
fixed length control field 211027s1959 ua ||||| |||| 001 | ara d
035 ## - SYSTEM CONTROL NUMBER
System control number (BD-RjUL)78881
040 ## - CATALOGING SOURCE
Original cataloging agency BD-RjUL
Language of cataloging eng
Transcribing agency BD-RjUL
041 ## - LANGUAGE CODE
Language code of text/sound track or separate title ara
082 ## - DEWEY DECIMAL CLASSIFICATION NUMBER
Edition number 23
Classification number 946.03
Author mark and year MUF 1959
100 1# - MAIN ENTRY--PERSONAL NAME
Personal name مؤنس، حسين، ;; Munis, Hussein
Dates associated with a name 1911-1996
9 (RLIN) 249402
245 10 - TITLE STATEMENT
Title فجر الاندلس : دراسة في تاريخ الاندلس من الفتح الاسلامي الى قيام الدولة الاموية (٧١١ - ٧٥٦م) ;; fajr aliandilas : dirasat fi tarikh alandls min alfath alaslamii alaa qiam aldawlat alamawia (711 - 756m)/
Statement of responsibility, etc. حسين مؤنس ';; Hussein Munis
260 ## - PUBLICATION, DISTRIBUTION, ETC. (IMPRINT)
Place of publication, distribution, etc. القاهرة :
Name of publisher, distributor, etc. العصر الحديث للنشر والتوزيع،;; aleasr alhadith lilnashr waltawziei,
Date of publication, distribution, etc. 1959
300 ## - PHYSICAL DESCRIPTION
Pagination 736 p :
Illustrations ill. ; map ;
Size 22 cm
650 ## - SUBJECT ADDED ENTRY--TOPICAL TERM
Topical term or geographic name as entry element Spain
Form subdivision History
Chronological subdivision 711-1516.
9 (RLIN) 249403
942 ## - ADDED ENTRY ELEMENTS (KOHA)
Source of classification or shelving scheme Dewey Decimal Classification
Koha item type Books
Holdings
Lost status Source of classification or shelving scheme Damaged status Not for loan Collection code Permanent Location Current Location Shelving location Date acquired Total Checkouts Full call number Date last seen Copy number Koha item type
  Dewey Decimal Classification   Not For Loan Non-fiction Central Library, University of Rajshahi Central Library, University of Rajshahi Reading Room 27/10/2021   A 946.03 MUF 1959 27/10/2021 C-1 Books